| 000 | 00754cab a2200241 4500 | ||
|---|---|---|---|
| 001 | WB3514-03 | ||
| 008 | 090401t xxu||||| |||| 00| 0 eng d | ||
| 035 | _a(Sirsi) u92706 | ||
| 041 | _aeng | ||
| 245 | _aCIPS survey upbeat | ||
| 260 | _c398(6220) 8 April 1999(8) | ||
| 350 | _a0 | ||
| 490 |
_aContract Journal _v398(6220) 8 April 1999(8) |
||
| 520 | _aLooks at the most recent figures from the Chartered Institute of Purchasing and Supply, which show construction activity levels rising. | ||
| 650 | _aCHARTERED INSTITUTE OF PURCHASING AND SUPPLY | ||
| 650 | _aCIPS | ||
| 650 | _aCONSTRUCTION MARKET | ||
| 650 | _aGROWTH | ||
| 650 | _aTOTAL CONSTRUCTION ACTIVITY INDEX | ||
| 690 | _aBUILT ENVIRONMENT | ||
| 942 | _n0 | ||
| 948 | _c13/04/1999 | ||
| 999 |
_c58758 _d58758 |
||